000 02029nam0a2200349 4500
001 RU\NLR\BIBL_A\012228954
005 20250128194045.0
010 _a978-5-295-07310-6
_d1000
021 _aRU
_bКН-П-20-000066
_9КН-П-20-0005
035 _a(NLR Aleph) 012228954
035 _a(RuMoRGB)010229330
090 _a13299949
_c13299949
100 _a20200226d2019 u y0rusy50 ca
101 0 _abak
_arus
102 _aRU
105 _ac|||zzzz0|||y
181 0 _ai
_baxxe
182 0 _an
200 1 _aТормошҡа юл
_eБашҡортостан Республикаһы Мәғариф м-лығы Рәми Ғарипов исем. 1-се һанлы Башҡорт республика гимназия-интернатына - 75 йыл
_fтөҙ. М. М. Хафизов
203 _aТекст
_bвизуальный
_cнепосредственный
210 _aӨфө
_cКитап
_d2019
215 _a270, [1] б.
_cил., цв. портр.
_d30
300 _aТекст баш., рус.
541 1 _aДостойно продолжая традиции
_e(75 лет Башк. респ. гимназии-интернату № 1 им. Р. Гарипова).
_zrus
606 _aКультура. Наука. Просвещение -- Народное образование. Педагогические науки -- Общеобразовательная школа. Школьная педагогика -- Общеобразовательная школа -- Российская Федерация -- Башкирия -- Типы общеобразовательных школ. Отдельные общеобразовательные школы. Детские дома -- Гимназии, лицеи -- История
_2rubbk
686 _aЧ424(2Р-6Б)714.5г,0
_2rubbk
686 1 _aЧ33(2=Баш)
702 1 _aХафизов
_bМ. М. у.
_f1931-
_gМарат Мөхәмәтйән улы
_4220
852 _aNLR
_bОНЛ
_jБашк./5-244
942 _cBOOK
980 _aNB